UBT Library

Mathematics with applications in the management, natural, and social sciences / (Record no. 41700)

000 -LEADER
fixed length control field 00693cam a2200217 a 4500
001 - CONTROL NUMBER
control field 3486324
005 - DATE AND TIME OF LATEST TRANSACTION
control field 20180202092500.0
008 - FIXED-LENGTH DATA ELEMENTS--GENERAL INFORMATION
fixed length control field 940328s1995 nyua 001 0 eng
010 ## - LIBRARY OF CONGRESS CONTROL NUMBER
LC control number 94013576
020 ## - INTERNATIONAL STANDARD BOOK NUMBER
International Standard Book Number 0673469433
040 ## - CATALOGING SOURCE
Original cataloging agency DLC
Transcribing agency DLC
Modifying agency DLC
041 ## - LANGUAGE CODE
Language code of text/sound track or separate title eng
080 ## - UNIVERSAL DECIMAL CLASSIFICATION NUMBER
Universal Decimal Classification number 510 MAR
082 00 - DEWEY DECIMAL CLASSIFICATION NUMBER
Classification number 510 MAR
Edition number 20
100 1# - Rafti
Rafti 31
101 ## - Shkurtesa
Shkurtesa MAT
245 10 - TITLE STATEMENT
Title Mathematics with applications in the management, natural, and social sciences /
Statement of responsibility, etc Margaret L. Lial, Charles D. Miller.
906 ## - LOCAL DATA ELEMENT F, LDF (RLIN)
a 7
b cbc
c orignew
d 1
e ocip
f 19
g y-gencatlg
942 ## - ADDED ENTRY ELEMENTS (KOHA)
Source of classification or shelving scheme
Item type Books
Holdings
Withdrawn status Lost status Source of classification or shelving scheme Damaged status Not for loan Collection code Permanent location Current location Shelving location Date acquired Total Checkouts Full call number Barcode Date last seen Price effective from Koha item type
          Koleksioni i përgjithshem UBT - Lipjan UBT - Lipjan Koleksioni i përgjithshem 02/02/2018   510 MAR 002-2997523 02/02/2018 02/02/2018 Books
UBT Library © 2015-2024. All rights reserved University Education for Business and Technology